[Event "16th Sants Open 2014"]
[Site "Barcelona ESP"]
[Date "2014.08.26"]
[Round "5.3"]
[White "Blomqvist, Erik"]
[Black "Cuartas, Jaime Alexander"]
[Result "1/2-1/2"]
[WhiteTitle "GM"]
[BlackTitle "GM"]
[WhiteElo "2506"]
[BlackElo "2489"]
[WhiteFideId "1709437"]
[BlackFideId "4401190"]
[EventDate "2014.08.22"]

1. d4 d5 2. c4 e5 3. dxe5 d4 4. Nf3 Nc6 5. a3 Nge7 6. b4 Ng6 7. Bb2 a5 8. b5
Ncxe5 9. Qxd4 Qxd4 10. Bxd4 Nxc4 11. e3 Nd6 12. Nbd2 Bd7 13. Rb1 Nf5 14. Bb2 f6
15. Be2 O-O-O 16. O-O b6 17. Rfc1 Ngh4 18. e4 Nxf3+ 19. Nxf3 Re8 20. Bd3 Nh6 21.
e5 Be7 22. h3 Nf7 23. a4 fxe5 24. Nxe5 Nxe5 25. Bxe5 Bc5 26. Bg3 Kb7 27. Rc4 g6
28. Be4+ Rxe4 29. Rxe4 Bf5 30. Rbe1 Bxe4 31. Rxe4 c6 32. bxc6+ Kxc6 33. Kf1 Rd8
34. Ke2 Rd7 35. f3 Re7 36. Kd3 b5 37. axb5+ Kxb5 38. Rxe7 Bxe7 39. Be5 a4 40. f4
Kc5 41. Ke4 a3 42. g4 Bd6 43. Bd4+ Kc6 44. f5 Bc5 45. Be5 Bd6 46. Bd4 Bc5 47.
Be5 Bd6 48. Bd4 1/2-1/2

[Event "16th Sants Open 2014"]
[Site "Barcelona ESP"]
[Date "2014.08.26"]
[Round "5.4"]
[White "Aloma Vidal, Robert"]
[Black "Vocaturo, Daniele"]
[Result "1/2-1/2"]
[WhiteTitle "IM"]
[BlackTitle "GM"]
[WhiteElo "2403"]
[BlackElo "2587"]
[WhiteFideId "2260409"]
[BlackFideId "813192"]
[EventDate "2014.08.22"]

1. d4 e6 2. e4 d5 3. Nc3 Nf6 4. Bg5 Bb4 5. e5 h6 6. Bd2 Bxc3 7. bxc3 Ne4 8. Bd3
Nxd2 9. Qxd2 c5 10. Nf3 c4 11. Be2 Qa5 12. h4 Qa3 13. Qe3 Nd7 14. Kd2 Nb6 15.
Nh2 Bd7 16. Nf1 Qb2 17. Ng3 Ba4 18. Rac1 O-O-O 19. Bg4 Qxa2 20. Nf5 Kb8 21. Nd6
Rhf8 22. f4 f5 23. Bh5 Nc8 24. g4 Nxd6 25. exd6 b5 26. gxf5 exf5 27. Qe7 Qa3 28.
Qc7+ Ka8 29. Qc6+ Kb8 30. Qc7+ Ka8 31. Qc6+ Kb8 32. Qc7+ 1/2-1/2

[Event "16th Sants Open 2014"]
[Site "Barcelona ESP"]
[Date "2014.08.26"]
[Round "5.5"]
[White "Cori, Jorge"]
[Black "Graf, Felix"]
[Result "1-0"]
[WhiteTitle "GM"]
[WhiteElo "2630"]
[BlackElo "2479"]
[WhiteFideId "3802272"]
[BlackFideId "24608904"]
[EventDate "2014.08.22"]

1. c4 b6 2. Nf3 Bb7 3. e3 e6 4. Nc3 f5 5. b3 Nf6 6. Bb2 Bd6 7. Qc2 O-O 8. a3 c5
9. Be2 Nc6 10. h3 a6 11. O-O-O b5 12. cxb5 Na5 13. g4 c4 14. b4 Nb3+ 15. Kb1 a5
16. Bxc4 axb4 17. axb4 Na1 18. Qd3 Bxb4 19. Nd4 Ne4 20. Nxf5 Nxf2 21. Qd4 Rxf5
22. gxf5 Bxh1 23. Rg1 Bf8 24. Nd5 Nb3 25. Rxg7+ Kh8 26. Rxh7+ Kxh7 27. Qh8# 1-0

[Event "16th Sants Open 2014"]
[Site "Barcelona ESP"]
[Date "2014.08.26"]
[Round "5.6"]
[White "Peralta, Fernando"]
[Black "Cori T., Deysi"]
[Result "1-0"]
[WhiteTitle "GM"]
[BlackTitle "WGM"]
[WhiteElo "2574"]
[BlackElo "2422"]
[WhiteFideId "105309"]
[BlackFideId "3801934"]
[EventDate "2014.08.22"]

1. d4 Nf6 2. c4 g6 3. Nc3 Bg7 4. e4 d6 5. Nf3 O-O 6. h3 c5 7. d5 e6 8. Bd3 exd5
9. exd5 Re8+ 10. Be3 a6 11. O-O Nbd7 12. a4 Nh5 13. Qd2 f5 14. Bg5 Nhf6 15. a5
Qc7 16. Bh6 Ne4 17. Bxe4 fxe4 18. Bxg7 exf3 19. Rfe1 Qd8 20. Rxe8+ Qxe8 21. Re1
Qf7 22. Qg5 Qxg7 23. Qd8+ Nf8 24. Ne4 fxg2 25. Nf6+ Kh8 26. Ne8 Qh6 27. Qf6+ Kg8
28. Re7 Qc1+ 29. Kxg2 Bxh3+ 30. Kh2 1-0

[Event "16th Sants Open 2014"]
[Site "Barcelona ESP"]
[Date "2014.08.26"]
[Round "5.7"]
[White "Escobar Forero, Alder"]
[Black "Fier, Alexandr"]
[Result "1/2-1/2"]
[WhiteTitle "IM"]
[BlackTitle "GM"]
[WhiteElo "2464"]
[BlackElo "2570"]
[WhiteFideId "4400801"]
[BlackFideId "2107139"]
[EventDate "2014.08.22"]

1. e4 c5 2. Nf3 a6 3. Be2 d6 4. O-O Nc6 5. c3 Nf6 6. d4 Qc7 7. d5 Nb8 8. Re1
Nbd7 9. Nbd2 b5 10. a4 Rb8 11. axb5 axb5 12. b4 g6 13. Ra5 Bg7 14. Rxb5 Ra8 15.
Bb2 O-O 16. Qb3 Ba6 17. Ra5 Bxe2 18. Rxa8 Rxa8 19. Rxe2 cxb4 20. cxb4 Rb8 21.
Nd4 Rb7 22. Nc6 Nb8 23. Na5 Rb5 24. Qa4 Qb6 25. Ndc4 Qa6 26. Bxf6 Bxf6 27. Rc2
Nd7 28. Na3 Rb8 29. b5 Qa7 30. Qb4 Ra8 31. N3c4 Qd4 32. Qe1 Nb6 33. Nb3 Qd3 34.
Nxb6 Qxc2 35. Nxa8 Qxb3 36. b6 Bd4 37. g3 Bxb6 38. Nxb6 Qxb6 39. Kg2 Qd4 40. Qe2
Kg7 41. f3 Kf6 42. Qc2 g5 43. Qc8 Kg7 44. h4 1/2-1/2

[Event "16th Sants Open 2014"]
[Site "Barcelona ESP"]
[Date "2014.08.26"]
[Round "5.8"]
[White "Hoffman, Alejandro"]
[Black "Alsina Leal, Daniel"]
[Result "1-0"]
[WhiteTitle "GM"]
[BlackTitle "GM"]
[WhiteElo "2456"]
[BlackElo "2550"]
[WhiteFideId "100340"]
[BlackFideId "2252627"]
[EventDate "2014.08.22"]

1. Nf3 Nf6 2. c4 c5 3. g3 g6 4. Bg2 Bg7 5. O-O O-O 6. d4 cxd4 7. Nxd4 Nc6 8. Nc3
d6 9. Nb3 Be6 10. Nd5 Rc8 11. Bg5 Ne5 12. Bxf6 exf6 13. Nd4 Bxd5 14. Bxd5 Nxc4
15. Bxb7 Rb8 16. Bd5 Nxb2 17. Qd2 Qb6 18. Nc6 Rb7 19. Rab1 f5 20. Rfc1 Rc7 21.
Rc2 Qa6 22. Qb4 Rb7 23. Qxd6 Qa4 24. Bb3 Qe4 25. Rbxb2 Bxb2 26. Rxb2 Rb6 27. Bd5
Qa4 28. Rxb6 axb6 29. Kg2 Qc2 30. Qf6 1-0

[Event "16th Sants Open 2014"]
[Site "Barcelona ESP"]
[Date "2014.08.26"]
[Round "5.9"]
[White "Oliva Castaneda, Kevel"]
[Black "Aroshidze, Levan"]
[Result "1/2-1/2"]
[WhiteTitle "FM"]
[BlackTitle "GM"]
[WhiteElo "2446"]
[BlackElo "2539"]
[WhiteFideId "3500799"]
[BlackFideId "13601865"]
[EventDate "2014.08.22"]

1. e4 c5 2. Nf3 e6 3. Nc3 a6 4. d4 cxd4 5. Nxd4 Qc7 6. Bd3 Nc6 7. Nxc6 bxc6 8.
O-O Nf6 9. f4 d5 10. Qe2 Be7 11. b3 O-O 12. Bb2 Bb7 13. Rf3 g6 14. Raf1 c5 15.
exd5 exd5 16. f5 c4 17. fxg6 hxg6 18. Rxf6 Bxf6 19. Rxf6 cxd3 20. Qxd3 Qc5+ 21.
Kh1 d4 22. Rxg6+ fxg6 23. Qxg6+ Kh8 24. Qh6+ 1/2-1/2

[Event "16th Sants Open 2014"]
[Site "Barcelona ESP"]
[Date "2014.08.26"]
[Round "5.10"]
[White "Libiszewski, Fabien"]
[Black "Van der Lende, Ilias"]
[Result "1-0"]
[WhiteTitle "GM"]
[WhiteElo "2531"]
[BlackElo "2223"]
[WhiteFideId "616834"]
[BlackFideId "1019260"]
[EventDate "2014.08.22"]

1. Nf3 e6 2. g3 d5 3. Bg2 f5 4. c4 c6 5. O-O Bd6 6. d3 Nf6 7. Nc3 O-O 8. e4 Bb4
9. e5 Nfd7 10. Ne2 Na6 11. Nf4 Nb6 12. Qe2 g5 13. Nh5 g4 14. Ne1 dxc4 15. dxc4
Qd4 16. Bh6 Rd8 17. Bg5 Rf8 18. Rc1 Nc5 19. a3 Bxe1 20. Rfxe1 Qd3 21. Be7 Qxe2
22. Rxe2 Nb3 23. Rd1 Re8 24. Nf6+ Kf7 25. Nxe8 Kxe8 26. Bg5 Bd7 27. h3 h5 28.
hxg4 hxg4 29. f3 c5 30. fxg4 Nd4 31. Rf2 fxg4 32. Bxb7 Rb8 33. Be4 Nf5 34. b3
Nc8 35. Rh2 Nd4 36. Rh8+ Kf7 37. Rh7+ 1-0

[Event "16th Sants Open 2014"]
[Site "Barcelona ESP"]
[Date "2014.08.26"]
[Round "5.11"]
[White "Bromberger, Stefan"]
[Black "Valdes Romero, Leonardo"]
[Result "1/2-1/2"]
[WhiteTitle "IM"]
[BlackTitle "IM"]
[WhiteElo "2510"]
[BlackElo "2406"]
[WhiteFideId "4635248"]
[BlackFideId "6500331"]
[EventDate "2014.08.22"]

1. d4 Nf6 2. c4 g6 3. Nc3 Bg7 4. e4 d6 5. f3 O-O 6. Nge2 Nc6 7. Be3 a6 8. Qd2
Rb8 9. Rc1 Qd7 10. g4 b5 11. g5 Ne8 12. h4 bxc4 13. h5 e5 14. Nd5 Qd8 15. Rxc4
exd4 16. Nxd4 Ne5 17. f4 c5 18. fxe5 cxd4 19. Bxd4 Bxe5 20. Bxe5 dxe5 21. Rc6
Be6 22. hxg6 Bxd5 23. exd5 fxg6 24. d6 Ng7 25. Rc7 h5 26. gxh6 Ne8 27. Rc6 Kh8
28. Rxa6 Nf6 29. Be2 Nd7 30. Qc3 Qg5 31. Ra7 Rbd8 32. Rc7 Qf4 33. Rc4 Qf2+ 34.
Kd1 Qg2 35. Re1 Qd5+ 36. Qd2 Qa8 37. a3 Nb6 38. Rc5 Rxd6 39. Qxd6 Rd8 40. Qxd8+
Qxd8+ 41. Kc1 Qg5+ 42. Kd1 Qd8+ 43. Kc1 Qg5+ 44. Kd1 Qd8+ 1/2-1/2

[Event "16th Sants Open 2014"]
[Site "Barcelona ESP"]
[Date "2014.08.26"]
[Round "5.12"]
[White "Mascaro March, Pedro"]
[Black "Comas Fabrego, Lluis"]
[Result "1/2-1/2"]
[WhiteTitle "IM"]
[BlackTitle "GM"]
[WhiteElo "2417"]
[BlackElo "2508"]
[WhiteFideId "2217570"]
[BlackFideId "2200325"]
[EventDate "2014.08.22"]

1. d4 e6 2. Nf3 c5 3. g3 Nf6 4. Bg2 Nc6 5. O-O d5 6. c4 Be7 7. Nc3 O-O 8. cxd5
exd5 9. b3 Bg4 10. Bb2 cxd4 11. Nb5 Re8 12. Nbxd4 Bd6 13. h3 Bd7 14. Nb5 Be7 15.
Rc1 Be6 16. Nfd4 Qb6 17. Nxe6 fxe6 18. Nd4 Bf8 19. g4 Rad8 20. e3 e5 21. Nxc6
bxc6 22. g5 Ne4 23. Bxe4 dxe4 24. Qc2 Rd6 25. Qc4+ Kh8 26. Qxe4 Qd8 27. Rxc6
Qxg5+ 28. Kh2 Rd2 29. Rc2 Red8 30. Rxd2 Rxd2 31. Bxe5 Rxa2 32. Bg3 Qb5 33. Rc1
Qxb3 34. Rc8 Kg8 35. Qa8 Qf7 36. Kg2 h6 37. e4 Ra6 38. Rc7 Qg6 39. Rc8 Qf7 40.
Rc7 Qg6 41. e5 Qe6 42. Rc8 Qf7 43. Rc3 Re6 44. Rf3 Re8 45. Qe4 Qd7 46. Rd3 Qc8
47. Kh2 Kh8 48. Re3 Qe6 49. Rc3 a5 50. Rc6 Qf7 51. e6 Qb7 52. Qc2 Qb5 53. Rc8 a4
54. Rxe8 Qxe8 55. Qc4 a3 56. Be5 Qh5 57. f4 Qf3 58. Qc8 Qf2+ 59. Kh1 Qf1+ 60.
Kh2 Qf2+ 61. Kh1 Qf1+ 1/2-1/2

[Event "16th Sants Open 2014"]
[Site "Barcelona ESP"]
[Date "2014.08.26"]
[Round "5.13"]
[White "Gomez Ledo, Roberto Carlos"]
[Black "Delorme, Axel"]
[Result "1/2-1/2"]
[WhiteTitle "IM"]
[BlackTitle "IM"]
[WhiteElo "2411"]
[BlackElo "2501"]
[WhiteFideId "3507076"]
[BlackFideId "632023"]
[EventDate "2014.08.22"]

1. d4 Nf6 2. Nf3 e6 3. c4 Bb4+ 4. Bd2 c5 5. a3 Bxd2+ 6. Qxd2 cxd4 7. Nxd4 O-O 8.
Nc3 d5 9. cxd5 Nxd5 10. e3 Nxc3 11. Qxc3 Bd7 12. Be2 1/2-1/2

[Event "16th Sants Open 2014"]
[Site "Barcelona ESP"]
[Date "2014.08.26"]
[Round "5.14"]
[White "Perpinya Rofes, Lluis Maria"]
[Black "Gomez Garrido, Camilo Ernesto"]
[Result "1-0"]
[WhiteTitle "IM"]
[BlackTitle "IM"]
[WhiteElo "2391"]
[BlackElo "2496"]
[WhiteFideId "2208598"]
[BlackFideId "3507904"]
[EventDate "2014.08.22"]

1. e4 c5 2. Nc3 a6 3. Nf3 d6 4. d4 cxd4 5. Nxd4 Nf6 6. Be2 Nbd7 7. O-O e6 8. a4
Qc7 9. f4 b6 10. Bf3 Bb7 11. Kh1 Rc8 12. Qe1 e5 13. Nf5 g6 14. fxe5 dxe5 15. Nh6
Be7 16. Bg5 b5 17. axb5 axb5 18. Nxb5 Qb6 19. Qe2 Rb8 20. Qc4 Rf8 21. Nc7+ Kd8
22. Nxf7+ Rxf7 23. Qxf7 Qxc7 24. Bg4 Qc5 25. Bxf6 Nxf6 26. Rxf6 Bc6 27. Rd1+ Kc7
28. Rfd6 Qxd6 29. Rxd6 Kxd6 30. Qe6+ 1-0

[Event "16th Sants Open 2014"]
[Site "Barcelona ESP"]
[Date "2014.08.26"]
[Round "5.15"]
[White "Sowray, Peter J"]
[Black "Granda Zuniga, Julio E"]
[Result "1-0"]
[WhiteTitle "FM"]
[BlackTitle "GM"]
[WhiteElo "2325"]
[BlackElo "2663"]
[WhiteFideId "400971"]
[BlackFideId "3800024"]
[EventDate "2014.08.22"]

1. d4 Nf6 2. c4 e6 3. Nc3 Bb4 4. e3 b6 5. Ne2 c5 6. a3 Ba5 7. Rb1 Qe7 8. Bd2 Na6
9. Ng3 Bb7 10. d5 O-O 11. Bd3 g6 12. O-O exd5 13. Nxd5 Nxd5 14. cxd5 Bxd2 15.
Qxd2 Nc7 16. e4 d6 17. f4 Ne8 18. Rbe1 Nf6 19. e5 dxe5 20. fxe5 Nxd5 21. Qh6
Rfe8 22. Ne4 Qf8 23. Qh4 Qg7 24. Nd6 Rxe5 25. Rxe5 Qxe5 26. Rxf7 Qe3+ 27. Kh1 h5
28. Rf3 Qc1+ 29. Rf1 Qd2 30. Qe4 1-0

[Event "16th Sants Open 2014"]
[Site "Barcelona ESP"]
[Date "2014.08.26"]
[Round "5.16"]
[White "Bogner, Sebastian"]
[Black "Kvisvik, Brede"]
[Result "1-0"]
[WhiteTitle "GM"]
[BlackTitle "FM"]
[WhiteElo "2603"]
[BlackElo "2290"]
[WhiteFideId "4692055"]
[BlackFideId "1502999"]
[EventDate "2014.08.22"]

1. Nf3 d5 2. e3 Nf6 3. c4 dxc4 4. Bxc4 a6 5. O-O b5 6. Bb3 e6 7. a4 b4 8. d4 c5
9. e4 cxd4 10. e5 Nd5 11. Nxd4 Bb7 12. Nd2 Nd7 13. Nc4 Nc5 14. Bc2 Be7 15. Qg4
Kf8 16. Rd1 h5 17. Qe2 Qc7 18. Bd2 Rd8 19. a5 Rd7 20. Rac1 Qd8 21. Nf3 h4 22. h3
Bc6 23. Qe1 Bb5 24. b3 Nb7 25. Ra1 Qc7 26. Be4 Nc5 27. Bxd5 Rxd5 28. Nb6 Rxd2
29. Nxd2 Rh5 30. Nbc4 g6 31. Qe3 Kg7 32. Rac1 Nd7 33. Nd6 Qxa5 34. N2c4 Bxc4 35.
Nxc4 Qb5 36. Nd6 Bxd6 37. exd6 e5 38. Rc2 Rf5 39. Qd3 1-0

[Event "16th Sants Open 2014"]
[Site "Barcelona ESP"]
[Date "2014.08.26"]
[Round "5.18"]
[White "Handke, Florian"]
[Black "Gruenter, Martin"]
[Result "1-0"]
[WhiteTitle "GM"]
[WhiteElo "2553"]
[BlackElo "2275"]
[WhiteFideId "4634527"]
[BlackFideId "24640352"]
[EventDate "2014.08.22"]

1. d4 Nf6 2. Nf3 e6 3. c4 Bb4+ 4. Nc3 c5 5. e3 d5 6. Bd3 O-O 7. O-O Nc6 8. a3
Bxc3 9. bxc3 dxc4 10. Bxc4 Qc7 11. Bb2 e5 12. Be2 Rd8 13. Qc2 Bg4 14. dxe5 Nxe5
15. c4 Nxf3+ 16. gxf3 Bh3 17. Rfe1 Qc6 18. Be5 Rd7 19. Rad1 Rad8 20. Rxd7 Rxd7
21. Qc3 Ne8 22. Bg3 f6 23. Qc2 Nd6 24. e4 Nf7 25. f4 Rd4 26. Bf3 Be6 27. Bg2
Rxc4 28. Qe2 Qa4 29. f5 Bd7 30. e5 Rc2 31. Qh5 fxe5 32. Bd5 Be8 33. Bxe5 Kf8 34.
Bxf7 Bxf7 35. Qg5 Re2 36. Bxg7+ 1-0

[Event "16th Sants Open 2014"]
[Site "Barcelona ESP"]
[Date "2014.08.26"]
[Round "5.19"]
[White "Gonzalez Valero, Julio"]
[Black "Narciso Dublan, Marc"]
[Result "0-1"]
[BlackTitle "GM"]
[WhiteElo "2288"]
[BlackElo "2515"]
[WhiteFideId "2218810"]
[BlackFideId "2201500"]
[EventDate "2014.08.22"]

1. d4 f5 2. Nf3 e6 3. g3 Nf6 4. Bg2 d5 5. O-O Bd6 6. c4 O-O 7. Nc3 c6 8. Qc2 Qe7
9. Bf4 Bxf4 10. gxf4 Bd7 11. Rab1 Be8 12. b4 dxc4 13. b5 Nd5 14. bxc6 Bxc6 15.
e3 Nd7 16. a4 Nxc3 17. Qxc3 Rfc8 18. Rfc1 Be4 19. Rb5 Rc7 20. Ne5 Bxg2 21. Kxg2
Rac8 22. Qb4 Qxb4 23. Rxb4 Nxe5 24. fxe5 c3 25. Kf3 Kf7 26. Ke2 f4 27. Rc2 fxe3
28. fxe3 g5 29. Kd3 Kg6 30. a5 h5 31. Rb1 g4 32. Rf1 Rf7 33. Rb1 Rfc7 34. Rf1
Rf7 35. Rb1 h4 36. Rxc3 Rxc3+ 37. Kxc3 h3 38. e4 Rf3+ 39. Kc4 Rf2 40. Rh1 Re2
41. Kd3 Ra2 42. Rg1 Rg2 43. Rf1 Rxh2 44. d5 g3 45. d6 Rf2 46. Rg1 Rf3+ 0-1

[Event "16th Sants Open 2014"]
[Site "Barcelona ESP"]
[Date "2014.08.26"]
[Round "5.20"]
[White "Collins, Sam E."]
[Black "Boix Moreno, Daniel"]
[Result "1-0"]
[WhiteTitle "IM"]
[BlackTitle "FM"]
[WhiteElo "2495"]
[BlackElo "2267"]
[WhiteFideId "2501198"]
[BlackFideId "2207249"]
[EventDate "2014.08.22"]

1. d4 Nf6 2. Nf3 g6 3. Bg5 Bg7 4. Nbd2 d6 5. e4 h6 6. Bh4 g5 7. Bg3 Nh5 8. c3 e6
9. Bd3 Nxg3 10. hxg3 Qe7 11. Qe2 Nd7 12. a4 c6 13. Nc4 Nb6 14. Ne3 a5 15. g4 Bd7
16. Qc2 Qd8 17. Qb3 Qc7 18. g3 d5 19. O-O dxe4 20. Bxe4 Nd5 21. Nc4 O-O-O 22.
Nfe5 Be8 23. Nd3 Nf6 24. Bf3 Nd7 25. Nc5 Nxc5 26. dxc5 Bf8 27. Nb6+ Kb8 28. Qc4
f5 29. Rfd1 Rxd1+ 30. Rxd1 Be7 31. b4 h5 32. Qxe6 hxg4 33. Bg2 f4 34. Nd7+ Kc8
35. Nf6+ Kb8 36. Nxe8 Rxe8 37. Rd7 1-0

[Event "16th Sants Open 2014"]
[Site "Barcelona ESP"]
[Date "2014.08.26"]
[Round "5.21"]
[White "Galliamova, Alisa"]
[Black "Jaksland, Tim"]
[Result "1/2-1/2"]
[WhiteTitle "IM"]
[BlackTitle "FM"]
[WhiteElo "2472"]
[BlackElo "2262"]
[WhiteFideId "4129725"]
[BlackFideId "1401084"]
[EventDate "2014.08.22"]

1. d4 Nf6 2. c4 c5 3. d5 b5 4. cxb5 a6 5. bxa6 g6 6. Nc3 Bxa6 7. Nf3 d6 8. Nd2
Bg7 9. e4 Bxf1 10. Nxf1 O-O 11. Ne3 Nbd7 12. O-O Qa5 13. Qc2 Qa6 14. a4 Rfc8 15.
Nb5 Nb6 16. Nc4 Nxa4 17. Nbxd6 exd6 18. b3 Nxd5 19. Rxa4 Nb4 20. Qd1 Qc6 21.
Rxa8 Rxa8 22. Qxd6 Qxd6 23. Nxd6 Ra2 24. Be3 Bd4 25. Nc4 Bxe3 26. fxe3 Rc2 27.
h3 Rc3 28. Rb1 Nd3 29. Kf1 Rc2 30. Nb6 Nf2 31. e5 Ne4 32. Rd1 Rb2 33. Rd8+ Kg7
34. Rd7 Rxb3 35. Nc4 Rc3 36. Nd6 Nxd6 37. exd6 Rxe3 38. Rc7 Rd3 39. Rxc5 Rxd6
40. Kf2 Ra6 41. h4 Rf6+ 42. Kg3 Re6 43. h5 Kh6 44. hxg6 hxg6 45. Kf3 Rf6+ 46.
Kg3 Rf1 47. Kh2 f5 48. Rc3 g5 49. Rh3+ Kg6 50. Ra3 f4 51. g3 Kf5 52. gxf4 gxf4
53. Kg2 Rb1 54. Kf3 Rf1+ 55. Kg2 Re1 56. Kf3 Re3+ 57. Rxe3 fxe3 58. Kxe3 1/2-1/2

[Event "16th Sants Open 2014"]
[Site "Barcelona ESP"]
[Date "2014.08.26"]
[Round "5.22"]
[White "Delorme, Alban"]
[Black "Cruz, Jonathan"]
[Result "1-0"]
[WhiteTitle "FM"]
[BlackTitle "IM"]
[WhiteElo "2280"]
[BlackElo "2459"]
[WhiteFideId "623636"]
[BlackFideId "3802124"]
[EventDate "2014.08.22"]

1. e4 e5 2. Nf3 Nc6 3. Nc3 Nf6 4. Bb5 Bd6 5. O-O O-O 6. Bxc6 dxc6 7. d4 Bg4 8.
dxe5 Bxf3 9. Qxf3 Bxe5 10. Bg5 Qd6 11. Bxf6 Bxf6 12. a3 Qd2 13. Rac1 Bg5 14. Na2
Qd4 15. Rb1 Rae8 16. Nc3 Qd2 17. Qd1 Rd8 18. Qxd2 Rxd2 19. Rbc1 Rfd8 20. Rfd1
Bf6 21. Rxd2 Rxd2 22. Kf1 Bd4 23. Nd1 Be5 24. g3 g5 25. Ke1 Rd4 26. f3 g4 27. c3
Ra4 28. f4 Rxe4+ 29. Kd2 Bd6 30. Nf2 Re6 31. Nxg4 f5 32. Ne3 Rh6 33. h4 Rf6 34.
b4 Bf8 35. Ke2 Kf7 36. Kf3 h5 37. Rd1 Ke8 38. Nc4 b6 39. Ne5 Re6 40. Rd3 Bg7 41.
Re3 Kd8 42. c4 b5 43. Rd3+ Kc8 44. c5 a5 45. bxa5 Kb7 46. Nf7 Rf6 47. Nd8+ Ka6
48. Rd7 Bf8 49. Rxc7 Bxc5 50. Nxc6 Bg1 51. Kg2 Be3 52. Kf3 Bg1 53. Rc8 Kb7 54.
Ne7 Re6 55. a6+ Rxa6 56. Rc3 Rf6 57. Rb3 Ka6 58. Nd5 Rd6 59. Nc7+ Kb6 60. Nxb5
Rf6 61. Nc3+ Kc6 62. a4 Re6 63. Ne2 Bc5 64. Rd3 Re4 65. a5 Ra4 66. a6 Kb6 67.
Nc3 Ra1 68. Nd5+ Kxa6 69. Ne3 Kb5 70. Nxf5 Kc4 71. Ke4 Ra8 72. Nd6+ Kb4 73. f5
Ra1 74. f6 Rf1 75. Nf5 Re1+ 76. Ne3 Bf8 77. Rd1 Re2 78. Kf3 1-0

[Event "16th Sants Open 2014"]
[Site "Barcelona ESP"]
[Date "2014.08.26"]
[Round "5.23"]
[White "Huerga Leache, Mikel"]
[Black "Madiai, Federico"]
[Result "1-0"]
[WhiteTitle "IM"]
[WhiteElo "2457"]
[BlackElo "2234"]
[WhiteFideId "2268795"]
[BlackFideId "836230"]
[EventDate "2014.08.22"]

1. e4 c5 2. d3 g6 3. g3 Bg7 4. Bg2 Nc6 5. f4 d6 6. Nf3 Nf6 7. O-O O-O 8. h3 Nd7
9. c3 b5 10. a3 Bb7 11. Be3 a5 12. d4 a4 13. Bf2 Na5 14. Nbd2 Qc7 15. Re1 e5 16.
fxe5 dxe5 17. d5 Rad8 18. Bf1 c4 19. Qe2 Bc8 20. Rad1 Nb7 21. g4 Bf6 22. Qe3 Kg7
23. Kh1 Be7 24. Bg3 Bc5 25. Qe2 Bd6 26. Qh2 Nbc5 27. Be2 Rde8 28. Qg2 Nf6 29.
Nh2 Ng8 30. Rf1 f6 31. h4 Rf7 32. Rf2 Ref8 33. Nhf1 Nb7 34. Bh2 Kh8 35. Ne3 Bc5
36. Qg3 Qb6 37. Rf3 Bd6 38. Rdf1 Qc7 39. Qg2 Nc5 40. R3f2 Qe7 41. Rg1 Qc7 42.
Qg3 Rg7 43. Rgg2 Rgf7 44. Kg1 Ne7 45. Kf1 Rg8 46. Qh3 Rgf8 47. Ke1 f5 48. gxf5
gxf5 49. exf5 Nxf5 50. Nxf5 Rxf5 51. Rxf5 Bxf5 52. Qg3 Qf7 53. h5 Qf6 54. Kd1
Bd3 55. Qg5 Qxg5 56. Rxg5 Rf5 57. Rg2 Bxe2+ 58. Kxe2 Rxh5 59. Nf3 Rf5 60. Ke3
Nd7 61. Ng5 Rf8 62. Ne4 Bc7 63. d6 Bb6+ 64. Ke2 Rg8 65. Bg3 Rg6 66. Rh2 Kg7 67.
Rh5 Re6 68. Kf3 Bd8 69. Rh1 h6 70. Rd1 Nb6 71. Nc5 Re8 72. Ke4 Kf6 73. Bh4+ Kf7
74. d7 Rh8 75. Bxd8 Rxd8 76. Rd6 Nxd7 77. Rxd7+ Rxd7 78. Nxd7 Ke6 79. Nxe5 h5
80. Nc6 h4 81. Nd4+ Kd6 82. Nxb5+ Kc5 83. Nd4 h3 84. Kf3 Kd5 85. Kg3 Ke4 86.
Kxh3 Kd3 87. Nb5 1-0

[Event "16th Sants Open 2014"]
[Site "Barcelona ESP"]
[Date "2014.08.26"]
[Round "5.24"]
[White "Diaz Castro, Sergio"]
[Black "Pardo Simon, David"]
[Result "1/2-1/2"]
[BlackTitle "IM"]
[WhiteElo "2272"]
[BlackElo "2457"]
[WhiteFideId "2250608"]
[BlackFideId "2296276"]
[EventDate "2014.08.22"]

1. e4 e5 2. Nf3 Nc6 3. d4 exd4 4. Bc4 Nf6 5. O-O Nxe4 6. Re1 d5 7. Bxd5 Qxd5 8.
Nc3 Qa5 9. Nxe4 Be6 10. Neg5 O-O-O 11. Nxe6 fxe6 12. Rxe6 Bd6 13. Bg5 Rdf8 14.
Qe2 Rhg8 15. Re4 Qd5 16. a3 h6 17. Bd2 g5 18. c4 dxc3 19. Bxc3 g4 20. Ne5 Bc5
21. Nxg4 Qg5 22. g3 h5 23. Ne3 a6 24. Rd1 Qg6 25. Rc4 Bb6 26. Rd2 1/2-1/2

[Event "16th Sants Open 2014"]
[Site "Barcelona ESP"]
[Date "2014.08.26"]
[Round "5.25"]
[White "Arias Igual, Alejandro"]
[Black "Munoz Pantoja, Miguel"]
[Result "1-0"]
[BlackTitle "GM"]
[WhiteElo "2271"]
[BlackElo "2451"]
[WhiteFideId "2254905"]
[BlackFideId "3800229"]
[EventDate "2014.08.22"]

1. d4 c5 2. d5 Nf6 3. c4 g6 4. Nc3 Bg7 5. e4 O-O 6. Bd3 d6 7. h3 e6 8. Nf3 exd5
9. exd5 Nbd7 10. Be3 Ne8 11. O-O Ne5 12. Nxe5 Bxe5 13. Qd2 f5 14. f4 Bg7 15. a3
Bd7 16. Rab1 Nc7 17. Kh1 Re8 18. Bf2 Qf6 19. Rfc1 b6 20. b4 Rac8 21. Be2 Rcd8
22. Bf3 Rb8 23. Rb3 a5 24. bxa5 bxa5 25. Rcb1 Rxb3 26. Rxb3 Na8 27. Ne2 a4 28.
Rb7 Qd8 29. Qe1 Bf6 30. Qb1 Bc8 31. Rb8 Nc7 32. Be1 Kf7 33. Ba5 Qd7 34. Qb6 Re7
35. Qc6 Ba6 36. Bxc7 Qxc7 37. Qa8 Bg7 38. Ng3 Bxc4 39. Nxf5 gxf5 40. Bh5+ Kf6
41. Rf8+ Bxf8 42. Qxf8+ Rf7 43. Qh6+ Ke7 44. Bxf7 Qb6 45. Qxh7 Bb5 46. Be6+ Kd8
47. Qg8+ Be8 48. Qg5+ 1-0

[Event "16th Sants Open 2014"]
[Site "Barcelona ESP"]
[Date "2014.08.26"]
[Round "5.26"]
[White "Herrera Reyes, Jose Antonio"]
[Black "Lyrberg, Patrik"]
[Result "0-1"]
[BlackTitle "IM"]
[WhiteElo "2239"]
[BlackElo "2444"]
[WhiteFideId "2274914"]
[BlackFideId "1701975"]
[EventDate "2014.08.22"]

1. Nf3 d5 2. g3 c6 3. Bg2 Nf6 4. d3 Bg4 5. c3 Nbd7 6. O-O e5 7. Qc2 a5 8. e4
dxe4 9. dxe4 Bc5 10. b4 axb4 11. cxb4 Bxb4 12. Qb2 Bxf3 13. Bxf3 Bc5 14. Nc3 Ra7
15. Bg5 O-O 16. Qc2 Qe7 17. Nd1 h6 18. Bc1 Rfa8 19. Ne3 Qe6 20. Be2 b5 21. a3
Bxa3 22. Nf5 Bf8 23. Rxa7 Rxa7 24. Be3 Ra2 25. Qd1 Kh7 26. Bd3 g6 27. Nh4 Bc5
28. Bc2 Bxe3 29. Bb3 Rxf2 30. Bxe6 Rd2+ 31. Kh1 Rxd1 32. Rxd1 fxe6 33. Rd6 c5
34. Kg2 b4 35. Kf3 Bd4 36. Ke2 b3 37. Nf3 b2 38. Nd2 c4 39. Nb1 Nc5 40. Rc6
Nfxe4 41. Rc7+ Kg8 42. Kd1 Nc3+ 43. Nxc3 Bxc3 44. Kc2 Bd4 45. g4 e4 0-1